Catalog

Record Details

Catalog Search



Minnie's valentine  Cover Image Book Book

Minnie's valentine / by Sheila Sweeny Higginson ; illustrated by the Disney Storybook Artists.

Summary:

Miss M. helps Micky Mouse make a hat as a Valentine's Day gift for Minnie Mouse.

Record details

  • ISBN: 9781423107460 (alk. paper)
  • ISBN: 1423107462 (alk. paper)
  • Physical Description: 1 v. (unpaged) : color illustrations ; 21 cm.
  • Publisher: New York : Disney Press, 2007.
Subject: Valentine's Day > Fiction.
Mice > Fiction.

LDR 01007cam a22002778a 4500
001130682
003CONS
00520140703073306.0
008070511s2007 nyu a 000 1 eng
010 . ‡a 2007015130
020 . ‡a9781423107460 (alk. paper)
020 . ‡a1423107462 (alk. paper)
035 . ‡a(CPomAG)LMN500924
05000. ‡aPZ7.H537 ‡bMi 2007
08200. ‡a[E] ‡222
1001 . ‡aHigginson, Sheila Sweeny, ‡d1966-
24510. ‡aMinnie's valentine / ‡cby Sheila Sweeny Higginson ; illustrated by the Disney Storybook Artists.
260 . ‡aNew York : ‡bDisney Press, ‡c2007.
300 . ‡a1 v. (unpaged) : ‡bcolor illustrations ; ‡c21 cm.
520 . ‡aMiss M. helps Micky Mouse make a hat as a Valentine's Day gift for Minnie Mouse.
650 1. ‡aValentine's Day ‡vFiction.
650 1. ‡aMice ‡vFiction.
7102 . ‡aDisney Storybook Artists.
914 . ‡aSCP_ds
959 . ‡i32269000812183 ‡lE Hig ‡aJuvenile - Easy ‡tEasy ‡g18.00
852 . ‡p32269000812183 ‡jE Hig ‡gJuvenile - Easy ‡cEasy ‡y18.00 ‡bSBPL
901 . ‡a130682 ‡bUnknown ‡c130682 ‡tbiblio

Additional Resources